Rusticatio mexicano
שמור ב:
| מחבר ראשי: | |
|---|---|
| פורמט: | ספר |
| שפה: | Undetermined |
| יצא לאור: |
San José, Costa Rica
Libro libre
1987
|
| נושאים: | |
| תגים: |
הוספת תג
אין תגיות, היה/י הראשונ/ה לתייג את הרשומה!
|
MARC
| LEADER | 00000nam a2200000Ia 4500 | ||
|---|---|---|---|
| 008 | 170316s9999 xx 000 0 und d | ||
| 040 | |a cru BVZT | ||
| 090 | |a 860 L-5r | ||
| 100 | |a Landivar, Rafael | ||
| 245 | |a Rusticatio mexicano | ||
| 260 | |a San José, Costa Rica | ||
| 260 | |b Libro libre | ||
| 260 | |c 1987 | ||
| 300 | |a 238 páginas | ||
| 650 | |a LITERATURA LATINOAMERICANA | ||
| 999 | |c 8891 |d 8891 | ||
| 942 | |c 15 D |h 860 L-5r |2 z | ||
